Hamlet, príncipe de Dinamarca
Novela que relata la historia de Hamlet, el próximo sucesor del prono que ve la aparición del fantasma de su padre que le exige vengarlo. Entre la locura y paranoia, Hamlet decide terminar con la vida del asesino de su padre, aunque con ello consiga su propia caída y desgracia a sus allegados
Gespeichert in:
| 1. Verfasser: | |
|---|---|
| Format: | Buch |
| Sprache: | Undetermined |
| Veröffentlicht: |
México
Universidad Nacional Autónoma de México
2011
|
| Schlagworte: | |
| Tags: |
Tag hinzufügen
Keine Tags, Fügen Sie den ersten Tag hinzu!
|
MARC
| LEADER | 00000nam a2200000Ia 4500 | ||
|---|---|---|---|
| 008 | 170316s9999 xx 000 0 und d | ||
| 020 | |a 978-968-36-8026-6 | ||
| 040 | |a cru BVZT | ||
| 090 | |a 820 S-5h | ||
| 100 | |a Shakespeare, William | ||
| 245 | 2 | |a Hamlet, príncipe de Dinamarca |c William Shakespeare ; María Enriqueta González Padilla, traductora ; Alejandra Luna Guzamn, Adrián Muñoz García, colaboradores | |
| 260 | |a México |b Universidad Nacional Autónoma de México |c 2011 | ||
| 300 | |a 303 páginas | ||
| 520 | |a Novela que relata la historia de Hamlet, el próximo sucesor del prono que ve la aparición del fantasma de su padre que le exige vengarlo. Entre la locura y paranoia, Hamlet decide terminar con la vida del asesino de su padre, aunque con ello consiga su propia caída y desgracia a sus allegados | ||
| 630 | |l Español | ||
| 650 | |a LITERATURA INGLESA |9 12 | ||
| 999 | |c 30780 |d 30780 | ||
| 942 | |c 15 D |h 820 S-5h |2 z | ||



